Warlord of Kor /

Сохранить в:
Библиографические подробности
Главный автор: Carr, Terry (autor)
Другие авторы: Williams, Robert Moore (autor) (autor)
Формат:
Язык:английский
Опубликовано: Nueva York, EUA : Ace Books, 1963, c1963
Серии:(Ace Double Novel Books ; F-177)
Предметы:
Метки: Добавить метку
Нет меток, Требуется 1-ая метка записи!

MARC

LEADER 00000nam^a2200000^a^4500
001 000450432
005 20250521000000.0
009 20260310123748.78
037 |a Acervo ITESO - Biblioteca 
041 |a ING 
091 |a FAW. 01282 
100 |a Carr, Terry  |e (autor) 
245 1 0 |a Warlord of Kor /  |c T. Carr. 
264 4 |a Nueva York, EUA :  |b Ace Books,  |c 1963, c1963 
300 |a 97, 126 p. 
336 |a texto  |b txt  |2 rdacontenido 
337 |a sin mediación  |b n  |2 rdamedio 
338 |a volumen  |b nc  |2 rdasoporte 
440 1 |a (Ace Double Novel Books ;  |v F-177) 
649 |a XX 
650 |a Novela Norteamericana 
650 |a Literatura Fantástica -  |z EUA 
650 |a Literatura de Ciencia-Ficción -  |z EUA 
650 |a Literatura Norteamericana -  |y Siglo XX 
700 |a Williams, Robert Moore  |e (autor) 
740 4 |a The Star Wasps /  |c R.M. Williams. 
910 |a Fondo Adolfo J. Wriedt Kentzler 
920 |a Impresos - Libros 
930 |a Fondos Especiales 
940 |a Literatura 
905 |a 128 
901 |a 0500382327  |b IT2  |c ESP  |i D86752  |u 20250521 
902 |a https://opac.biblio.iteso.mx/vufind/Record/000450432